000 00338pab a2200133 454500
008 180718b xxu||||| |||| 00| 0 eng d
100 _aThomas T.
245 _aDemocracycracy
362 _a26 Oct 93, p.6
650 _a Governement and Politics -- India
650 _aDemocracy
773 _aEconomic Times
909 _a25869
999 _c25869
_d25869